Statistics for Click on the Wrong Colour

Click here to take the quiz!

General Stats

  • This quiz has been taken 55 times
  • The average score is 15 of 20

Answer Stats

HintAnswer% Correct
GermanyBlue
98%
ChinaBlue
98%
FranceYellow
98%
United StatesYellow
96%
SwedenRed
94%
BelgiumBlue
82%
UkraineRed
82%
UruguayRed
80%
BrazilRed
76%
IcelandYellow
73%
VietnamBlue
69%
PanamaYellow
69%
CubaYellow
67%
LuxembourgYellow
65%
CameroonBlue
63%
Bosnia and HerzegovinaRed
61%
MauritaniaBlue
53%
GabonRed
53%
TaiwanYellow
53%
MyanmarBlue
43%

Score Distribution

Percentile by Number Answered

Percent of People with Each Score

Your Score History

You have not taken this quiz